1336 1886 1533 1941 1856 1495 1795 1517 1586 1010 1593 1602 1049 1359 1649 1565 1424 1469 1123 1640 1033 1173 1803 1131 1936 1523 1805 1990 1620 1103 1587 1255 1119 1969 1134 1222 1744 1996 1086 1935 1268 1550 1583 1927 1888 1472 1699 1487 1452 1060 1064 1754 1678 1354 1876 1786 1746 1216 1876 1531 1173 1239 1732 1689 1181 1771 1031 1052 1273 1474 1695 1294 1596 1769 1654 1235 1304 1699 1200 1219 1136 1627 1514 1877 1086 1938 1610 1221 1742 1678 1289 1223 1388 1628 1309 1970 1838 1614 1276 BCNSPRNW ULIB Ver.6.0+V

เปลี่ยนเป็นภาษาไทย

Change to English
 แสดงรายละเอียดบรรณานุกรม
  กลับหน้าหลัก

Brief Record : Get Marc (ISO 2709) : E-mail record : QR code < ปิดหน้าต่าง
LEADER : 00000nam 2200000uu 4500
001    13399114946
003     ULIB
008    120624s2552||||th 000 0 tha d
050  4 ^aLB2324^bส226ค
110 1  ^aสภาการพยาบาล
245 00 ^aคู่มือการขอรับรองสถาบันการศึกษา การพยาบาลและการผดุงครรภ์ สำหรับสถาบันการศึกษาที่มีผู้สำเร็จการศึกษาจากหลักสูตรพยาบาลศาสตรบัณฑิต ปี พ.ศ.2552^cโดยสภาการพยาบาล
260    ^aกรุงเทพฯ: ^bศิริยอดการพิมพ์,^c2552
300    ^a51 หน้า:^c27 ซม
650    ^a สถาบันการศึกษา^xการรับรองคุณภาพ
945    ^p100^l0^i19108
945    ^p100^l0^i19109
995    ^a เกษร
999    ^aใช้งานได้ทุกระบบ
รายการนี้ยังไม่มีแท็ก
คุณยังไม่ได้ล็อกอิน คุณสามารถมีกิจกรรมร่วมกับเว็บไซต์ได้ แต่ต้องล็อกอินก่อน ::
  ล็อกอิน

รายการสื่อสารสนเทศ

ลำดับที่ ประเภท เลขเรียก/บาร์โค้ด สถานที่ สถานะ
- ไม่พบข้อมูล -

BibComment


ยังไม่เคยถูกคอมเมนท์

คอมเมนท์ทรัพยากรรายการนี้
  คอมเมนท์: คู่มือการขอรับรอ..


 Copyright 2026. Bcnsprnw @Library